000 00244nam a2200085Ia 4500
245 0 _aMad about the boy?
100 _a Gordon-Smith, Dolores Oxford, 2009 Large print ed
_979150
942 _cBK
008 210819s9999 xx 000 0 und d
999 _c275136
_d275135